| 000 | 00977cam a2200301 a 4500 | ||
|---|---|---|---|
| 001 | 13926816 | ||
| 003 | SEKU | ||
| 005 | 20140827095402.0 | ||
| 008 | 050412s2006 njua b 001 0 eng | ||
| 010 | _a 2005047667 | ||
| 020 | _a0131547283 | ||
| 020 | _a9780131547285 | ||
| 035 | _a(OCoLC)ocm59011627 | ||
| 035 | _a(OCoLC)59011627 | ||
| 040 |
_aDLC _cDLC _dYDX _dBAKER _dIXA _dAGL _dBTCTA _dYDXCP _dLVB _dDLC _dSEKU _beng |
||
| 050 | 0 | 0 |
_aQE571 _b.B66 2006 |
| 070 | 0 |
_aQE571 _b.B66 2006 |
|
| 082 | 0 | 0 |
_a552/.5 _222 |
| 100 | 1 | _aBoggs, Sam. | |
| 245 | 1 | 0 |
_aPrinciples of sedimentology and stratigraphy / _cSam Boggs, Jr. |
| 250 | _a4th ed. | ||
| 260 |
_aUpper Saddle River, N.J. : _bPearson Prentice Hall, _cc2006. |
||
| 300 |
_axix, 662 p. : _bill. ; _c29 cm. |
||
| 504 | _aIncludes bibliographical references (p. 623-653) and index. | ||
| 650 | 0 | _aSedimentation and deposition. | |
| 650 | 0 | _aGeology, Stratigraphic. | |
| 942 |
_2lcc _cGEN _hQE571 _i.B66 2006 |
||
| 999 |
_c2045 _d2045 |
||